Central Library OPAC University of Rajshahi

On-location recording techniques / (Record no. 66503)

MARC details
000 -LEADER
fixed length control field 00880nam a2200265 a 4500
001 - CONTROL NUMBER
control field 66503
003 - CONTROL NUMBER IDENTIFIER
rucl marc code BD-RjUL
005 - DATE AND TIME OF LATEST TRANSACTION
control field 20211209081541.0
008 - FIXED-LENGTH DATA ELEMENTS--GENERAL INFORMATION
fixed length control field 170316s1999 enka bf 001 0 eng d
020 ## - INTERNATIONAL STANDARD BOOK NUMBER
International Standard Book Number 0240803795 (alk. paper)
035 ## - SYSTEM CONTROL NUMBER
System control number (BD-RjUL)66633
040 ## - CATALOGING SOURCE
Modifying agency BD-RjUL
Language of cataloging eng
Original cataloging agency BD-RjUL
Transcribing agency BD-RjUL
041 ## - LANGUAGE CODE
Language code of text/sound track or separate title eng
082 00 - DEWEY DECIMAL CLASSIFICATION NUMBER
Classification number 621.38932
Edition number 23
Author mark and year BAO 1999
100 1# - MAIN ENTRY--PERSONAL NAME
Personal name Bartlett, Bruce.
9 (RLIN) 196830
245 10 - TITLE STATEMENT
Title On-location recording techniques /
Statement of responsibility, etc. Bruce Bartlett with Jenny Bartlett.
260 ## - PUBLICATION, DISTRIBUTION, ETC. (IMPRINT)
Place of publication, distribution, etc. Boston :
Name of publisher, distributor, etc. Focal Press,
Date of publication, distribution, etc. 1999.
300 ## - PHYSICAL DESCRIPTION
Pagination xxiii, 278 p. :
Illustrations ill. ;
Size 24 cm.
504 ## - BIBLIOGRAPHY, ETC. NOTE
Bibliography, etc Includes bibliographical references and index.
650 #0 - SUBJECT ADDED ENTRY--TOPICAL TERM
Topical term or geographic name as entry element Sound
General subdivision Recording and reproducing
9 (RLIN) 19599
Topical term or geographic name as entry element Magnetic recorders and recording
General subdivision Handbooks, manuals, etc.
9 (RLIN) 196831
700 1# - ADDED ENTRY--PERSONAL NAME
Personal name Bartlett, Jenny.
942 ## - ADDED ENTRY ELEMENTS (KOHA)
Source of classification or shelving scheme Dewey Decimal Classification
Koha item type Books
Holdings
Lost status Source of classification or shelving scheme Damaged status Not for loan Collection code Permanent Location Current Location Shelving location Date acquired Source of acquisition Cost, normal purchase price Total Checkouts Full call number Date last seen Copy number Koha item type
  Dewey Decimal Classification   Not For Loan Non-fiction Central Library, University of Rajshahi Central Library, University of Rajshahi Reading Room 24/03/2009 Dhaka, paragon Enterprise 27.99   621.38932 BAO 1999 16/03/2017 C-1 Books